Online
Catalog

Metodología y estudio de la historia / (Record no. 51396)

MARC details
000 -CABECERA
campo de control de longitud fija 00988nam a22003017a 4500
003 - IDENTIFICADOR DEL NÚMERO DE CONTROL
campo de control DO-SdBNP
005 - FECHA Y HORA DE LA ÚLTIMA TRANSACCIÓN
campo de control 20220209144045.0
007 - CAMPO FIJO DE DESCRIPCIÓN FÍSICA--INFORMACIÓN GENERAL
campo de control de longitud fija ta
008 - DATOS DE LONGITUD FIJA--INFORMACIÓN GENERAL
campo de control de longitud fija 220209b1968 ||||| |||| 00| 0 spa d
040 ## - FUENTE DE LA CATALOGACIÓN
Centro catalogador/agencia de origen DO-SdBNP
Lengua de catalogación spa
Centro/agencia transcriptor BNPHU
082 4# - NÚMERO DE LA CLASIFICACIÓN DECIMAL DEWEY
Número de edición 22
Número de clasificación XXXX
Número de documento/Ítem C3146m
100 10 - ENTRADA PRINCIPAL--NOMBRE DE PERSONA
Nombre de persona Carrera Damas, German
9 (RLIN) 20328
245 10 - MENCIÓN DE TÍTULO
Título Metodología y estudio de la historia /
Mención de responsabilidad, etc. German Carrera Damas
260 ## - PUBLICACIÓN, DISTRIBUCIÓN, ETC.
Lugar de publicación, distribución, etc. [Caracas, Venezuela ] ;
Nombre del editor, distribuidor, etc. Biblioteca popular el dorado,
Fecha de publicación, distribución, etc. [1968 ?].
300 ## - DESCRIPCIÓN FÍSICA
Extensión 324 p. :
Dimensiones 16 cm
500 ## - NOTA GENERAL
Nota general Incluye datos biográficos del autor.
505 ## - NOTA DE CONTENIDO CON FORMATO
Nota de contenido con formato Indice.
505 ## - NOTA DE CONTENIDO CON FORMATO
Nota de contenido con formato Introducción.
505 ## - NOTA DE CONTENIDO CON FORMATO
Nota de contenido con formato Parte I. Metodología de la historia.
505 ## - NOTA DE CONTENIDO CON FORMATO
Nota de contenido con formato Parte II. Estudio de la historia.
505 ## - NOTA DE CONTENIDO CON FORMATO
Nota de contenido con formato Parte III. Enseñanza de la historia.
590 ## - NOTA LOCAL (RLIN)
Nota local Inventariado, 2022 /SA
650 40 - PUNTO DE ACCESO ADICIONAL DE MATERIA--TÉRMINO DE MATERIA
Término de materia o nombre geográfico como elemento de entrada Historia
Subdivisión general Metodología
9 (RLIN) 81202
650 40 - PUNTO DE ACCESO ADICIONAL DE MATERIA--TÉRMINO DE MATERIA
Término de materia o nombre geográfico como elemento de entrada Historia
Subdivisión general Psicología
9 (RLIN) 81203
650 40 - PUNTO DE ACCESO ADICIONAL DE MATERIA--TÉRMINO DE MATERIA
Término de materia o nombre geográfico como elemento de entrada Metodología
Subdivisión de forma Estudio y enseñanza
9 (RLIN) 81204
910 ## - DATOS DE OPCIÓN DEL USUARIO (OCLC)
Datos de opción del usuario Saquino
942 ## - ELEMENTOS DE PUNTO DE ACCESO ADICIONAL (KOHA)
Fuente del sistema de clasificación o colocación Dewey Decimal Classification
Tipo de ítem Koha Libro
Holdings
Estado de retiro Estado de pérdida Fuente del sistema de clasificación o colocación Restricciones de uso No para préstamo Código de colección Localización permanente Ubicación/localización actual Ubicación en estantería Fecha de adquisición Fuente de adquisición Total de préstamos Signatura topográfica completa Código de barras Fecha visto por última vez Precio válido a partir de Tipo de ítem Koha Nota pública
    Dewey Decimal Classification Préstamo restringido   Monografías: Libros y Folletos Biblioteca Nacional Pedro Henríquez Ureña Biblioteca Nacional Pedro Henríquez Ureña En catalogación 09.02.2022 Donado   BNPHU PD XXXX C3146m 2022-0717 09.02.2022 09.02.2022 Libro S/A

Powered by Koha